Les Celtes : De l'âge du Fer (notice n° 1925656)

détails MARC
000 -LEADER
fixed length control field 00753cam a2200133 4500500
005 - DATE AND TIME OF LATEST TRANSACTION
control field 20260329023228.0
041 ## - LANGUAGE CODE
Language code of text/sound track or separate title fre
042 ## - AUTHENTICATION CODE
Authentication code dc
100 10 - MAIN ENTRY--PERSONAL NAME
Personal name Buchsenschutz, Olivier
Relator term author
245 00 - TITLE STATEMENT
Title Les Celtes : De l'âge du Fer
260 ## - PUBLICATION, DISTRIBUTION, ETC.
Name of publisher, distributor, etc. Armand Colin,<br/>
Date of publication, distribution, etc. 2007.<br/>
520 ## - SUMMARY, ETC.
Summary, etc. Une mise au point actuelle sur une civilisation encore mystérieuse. Les Celtes sont présentés dans leur réalité sociale, religieuse, architecturale et économique. Loin de l'imagerie et du mythe, l'auteur s'attache à faire revivre cette société complexe et mal connue à travers les textes et en interrogeant les sources archéologiques les plus récentes.
856 41 - ELECTRONIC LOCATION AND ACCESS
Uniform Resource Identifier <a href="https://shs.cairn.info/les-celtes--9782200267575?lang=fr&redirect-ssocas=7080">https://shs.cairn.info/les-celtes--9782200267575?lang=fr&redirect-ssocas=7080</a>

Pas d'exemplaire disponible.

PLUDOC

PLUDOC est la plateforme unique et centralisée de gestion des bibliothèques physiques et numériques de Guinée administré par le CEDUST. Elle est la plus grande base de données de ressources documentaires pour les Étudiants, Enseignants chercheurs et Chercheurs de Guinée.

Adresse

627 919 101/664 919 101

25 boulevard du commerce
Kaloum, Conakry, Guinée

Réseaux sociaux

Powered by Netsen Group @ 2025